Catálogo

Diseño con tipografía : (Registro nro. 44795)

Detalles MARC
000 -LEADER
fixed length control field 01630cam a2200397 i 4500
001 - CONTROL NUMBER
control field 44795
003 - CONTROL NUMBER IDENTIFIER
control field Mx-PuUPA
005 - DATE AND TIME OF LATEST TRANSACTION
control field 20250313134821.0
008 - FIXED-LENGTH DATA ELEMENTS--GENERAL INFORMATION
fixed length control field 140415s2001 mx a gr 000 0 spa d
020 ## - INTERNATIONAL STANDARD BOOK NUMBER
International Standard Book Number 9701033698
020 ## - INTERNATIONAL STANDARD BOOK NUMBER
International Standard Book Number 9789701033692
040 ## - CATALOGING SOURCE
Original cataloging agency Mx-PuUPA
Language of cataloging spa
Transcribing agency Mx-PuUPA
Modifying agency Mx-PuUPA
Description conventions rda
041 1# - LANGUAGE CODE
Language code of text/sound track or separate title spa
Language code of original eng
100 1# - MAIN ENTRY--PERSONAL NAME
Personal name Carter, Rob,
Relator term autor
9 (RLIN) 12031
240 10 - UNIFORM TITLE
Uniform title Working with type 5 Exhibitions.
Language of a work Español
245 10 - TITLE STATEMENT
Title Diseño con tipografía :
Remainder of title exposiciones 5 /
Statement of responsibility, etc. Rob Carter, John DeMao, Sandy Wheeler con Barbara Fahs Charles [y otros tres] ; traducción, Index Book
250 ## - EDITION STATEMENT
Edition statement Primera edición
264 #1 - PRODUCTION, PUBLICATION, DISTRIBUTION, MANUFACTURE, AND COPYRIGHT NOTICE
Place of production, publication, distribution, manufacture México, D.F. :
Name of producer, publisher, distributor, manufacturer McGraw-Hill Interamericana Editores,
Date of production, publication, distribution, manufacture, or copyright notice ©2001
300 ## - PHYSICAL DESCRIPTION
Extent 160 páginas :
Other physical details ilustraciones ;
Dimensions 27 cm
336 ## - CONTENT TYPE
Fuente rdacontent
Content type term texto
Content type code txt
337 ## - MEDIA TYPE
Source rdamedia
Media type term sin medio
Media type code n
338 ## - CARRIER TYPE
Source rdacarrier
Carrier type term volumen
Carrier type code nc
500 ## - GENERAL NOTE
General note "Possible dreams ; Rock and roll hall of fame and museum ; Taxi driver of the year ; The 30th anniversary covers tour ; Urban revisions ; Village works ; World of life ; Zum Sxhutz des landes". -- Cubierta
546 ## - LANGUAGE NOTE
Language note En inglés, nota en cubierta.
650 #7 - SUBJECT ADDED ENTRY--TOPICAL TERM
Source of heading or term armarc
Topical term or geographic name entry element Tipografía
650 #7 - SUBJECT ADDED ENTRY--TOPICAL TERM
Source of heading or term armarc
Topical term or geographic name entry element Impresión (Artes gráficas)
700 1# - ADDED ENTRY--PERSONAL NAME
Personal name DeMao, John,
Relator term autor
700 1# - ADDED ENTRY--PERSONAL NAME
Personal name Wheeler, Sandy,
Relator term autor
700 1# - ADDED ENTRY--PERSONAL NAME
Personal name Charles, Barbara Fahs,
Relator term colaborador
710 2# - ADDED ENTRY--CORPORATE NAME
Corporate name or jurisdiction name as entry element Index Book
Relator term traductor
740 ## - ADDED ENTRY--UNCONTROLLED RELATED/ANALYTICAL TITLE
Uncontrolled related/analytical title WORKING WITH TYPE 5 EXHIBITIONS
765 0# - ORIGINAL LANGUAGE ENTRY
Main entry heading Carter, Rob,
Title Working with type 5 Exhibitions.
International Standard Book Number 2880464374
942 ## - ADDED ENTRY ELEMENTS (KOHA)
Source of classification or shelving scheme Dewey Decimal Classification
Koha item type Libro
Classification part 686.22
Item part C2518
Existencias
Withdrawn status Lost status Source of classification or shelving scheme Damaged status Not for loan Collection code Home library Current library Shelving location Date acquired Source of acquisition Total Checkouts Total Renewals Full call number Barcode Date last seen Date last checked out Price effective from Koha item type
    Dewey Decimal Classification     General Biblioteca Karol Wojtyla Biblioteca Karol Wojtyla Sala general 12/08/2016 Compra 2 1 686.22 C2518 2001 67330 05/01/2026 14/08/2023 12/08/2016 Libro
    Dewey Decimal Classification     General Biblioteca Karol Wojtyla Biblioteca Karol Wojtyla Sala general 03/12/2013 Compra     686.22 CAR 2001 67328 05/01/2026   12/08/2016 Libro
    Dewey Decimal Classification     General Biblioteca Karol Wojtyla Biblioteca Karol Wojtyla Sala general 03/12/2013 Compra     686.22 CAR 2001 82324 05/01/2026   12/08/2016 Libro
    Dewey Decimal Classification     General Biblioteca Karol Wojtyla Biblioteca Karol Wojtyla Sala general 12/08/2016 Compra     686.22 CAR 2001 67329 05/01/2026   12/08/2016 Libro
    Dewey Decimal Classification     General Biblioteca Karol Wojtyla Biblioteca Karol Wojtyla Sala general 03/12/2013 Compra     686.22 CAR 2001 82322 05/01/2026   12/08/2016 Libro
    Dewey Decimal Classification     General Biblioteca Karol Wojtyla Biblioteca Karol Wojtyla Sala general 03/12/2013 Compra     686.22 CAR 2001 82323 05/01/2026 27/01/2016 12/08/2016 Libro